Statistics for guess the harry styles song - 1

Click here to take the quiz!

General Stats

  • This quiz has been taken 127 times
  • The average score is 82 of 131

Answer Stats

Answers% Correct
I
97%
i
97%
you
94%
You
94%
me
92%
the
89%
do
80%
And
76%
go
75%
no
75%
to
75%
don't
74%
know
73%
so
73%
your
70%
it
68%
tell
65%
Tell
65%
just
64%
ever
63%
this
62%
something
61%
I'm
60%
for
58%
New
57%
new
57%
since
56%
been
55%
oh
55%
Oh
55%
York
55%
already
53%
nothing
51%
never
50%
did
48%
from
47%
I've
47%
pretend
47%
'cause
46%
need
46%
before
44%
There's
44%
there's
44%
at
43%
praying
43%
water
43%
pool
42%
talking
42%
antidote
41%
swimming
40%
waiting
40%
saw
39%
Understand
38%
had
37%
inside
36%
walls
36%
curse
35%
what's
35%
Must
34%
over
34%
words
34%
Brooklyn
33%
hurt
33%
Almost
32%
choose
32%
empty
32%
enough
31%
news
31%

Score Distribution

Percentile by Number Answered

Percent of People with Each Score

Your Score History

You have not taken this quiz